Statystyki dla top 10 najdroższych transwerów w historii piłki nożnej

Kliknij tutaj aby rozwiązać quiz!

Ogólne statystyki

  • Ten quiz został rozwiązany 48 razy
  • Średni wynik to 5 z 10

Statystyki odpowiedzi

podpowiedźodpowiedź% Poprawnych
222 mln euroNeymar
95%
180 mln euroMbappe
87%
117 mln euroRonaldo
79%
135 mln euroCoutinho
55%
135 mln euroDembele
50%
115 mln euroHazard
37%
120 mln euroGriezmann
24%
117,5 mln euroGrealish
21%
127,2 mln euroJoao Felix
13%
121 mln euroFernandez
11%

Rozkład punktacji

Percentyl według liczby udzielonych odpowiedzi

Procent ludzi z każdym wynikiem

Twoja historia wyników

Nie rozwiązałeś tego quizu